| 000 | 00969nam0a2200313 4500 | ||
|---|---|---|---|
| 001 | RU\NLR\BIBL_A\022426598 | ||
| 005 | 20260405135639.0 | ||
| 010 |
_a978-5-17-164972-2 _92000 |
||
| 035 | _a(NLR Aleph) 022426598 | ||
| 090 |
_a13341281 _c13341281 |
||
| 100 | _a20250114d2024 |||y0rusy50 ca | ||
| 101 | 0 | _aeng | |
| 102 | _aRU | ||
| 105 | _ay z 000ay | ||
| 181 | 0 |
_ai4 _baxxe |
|
| 182 | 0 | _an | |
| 200 | 1 |
_aThe time machine _fH. G. Wells |
|
| 203 |
_aТекст _bвизуальный _cнепосредственный |
||
| 210 |
_aМосква _cАСТ _d2024 |
||
| 215 |
_a315, [3] c. _d19 |
||
| 225 | 1 | _aExclusive classics hardcover | |
| 327 | 1 | _aСодерж.: The time machine ; The chronic argonauts | |
| 333 | _a12+ | ||
| 686 | 1 | _aШ6(4Вл)53-440.4{Лх1297-45} | |
| 700 | 1 |
_8eng _7ba _aWells _bH. G. _f1866-1946 _gHerbert George _3RU\NLR\AUTH\7756016 _938948 |
|
| 942 | _cBOOK | ||
| 980 | _aNB | ||